Statistiques concernant Les 5 premiers pays par ordre alphabétique par continent

Cliquez ici pour prendre le quiz!

Statistiques générales

  • Ce quiz a été pris 255 fois
  • Le résultat moyen est 16 sur 30

Statistiques - réponses

ContinentPays% Correct
EuropeAlbanie
84%
South AmericaArgentine
83%
OceaniaAustralie
83%
AfricaAlgérie
80%
South AmericaBrésil
75%
South AmericaBolivie
74%
EuropeAndorre
71%
AsiaAfghanistan
68%
South AmericaChili
68%
North AmericaCanada
67%
AfricaAngola
66%
South AmericaColombie
66%
AsiaArménie
65%
North AmericaAntigua et Barbuda
63%
EuropeAutriche
62%
EuropeBelgique
59%
OceaniaFidji
55%
North AmericaBelize
54%
AfricaBénin
52%
North AmericaBarbade
49%
North AmericaBahamas
48%
AfricaBotswana
39%
OceaniaKiribati
34%
AsiaBahreïn
33%
AsiaBangladesh
29%
OceaniaMicronésie
29%
AfricaBurkina Faso
27%
OceaniaMarshall
27%
EuropeBelarus
22%
AsiaAzerbaïjan
11%

Distribution des résultats

Percentile par nombre de réponses

% des personnes avec chaque résultat

Votre développement - résultats

Vous n’avez pas pris ce quiz